000 01059cam a22001811 4500
082 _a940.542
_bDEP
100 _aDeppt of Asmy
_939619
245 0 0 _aSmall unit actions during the German campaign in Russia;
_b[historical study.
260 _aWashington]
_bDept. of the Army,
_c1953.
300 _ax, 289 p.
_billus., maps (part fold.)
_c23 cm.
500 _aBased on German narratives of personal experiences written under the supervision of General Franz Halder, chief of the German Army General Staff and translated in the Historical Division USAREUR. Rewritten, edited and arranged by George E. Blau, and others of the Writing and Translation Section under the direction of M. C. Helfers, chief of the Foreign Studies Branch, Special Studies Division, Office of the Chief of Military History.
500 _aDept. of the Army pamphlet no. 20-269.
526 _a0
_b0
_c0
_d940_542000000000000_DEP
650 0 _aMCE
_zGermany.
_939620
650 0 _aWorld War, 1939-1945
_xCampaigns
_zSoviet Union.
_939621
710 1 _aUnited States.
_921185
942 _2ddc
_cBK
999 _c544076
_d544076